| 000 | 00997nam a22002897a 4500 | ||
|---|---|---|---|
| 003 | EG-ScBUE | ||
| 005 | 20220328132602.0 | ||
| 008 | 090802s2005 ua f 000 f eng d | ||
| 017 | _a2005 / 7901 | ||
| 020 | _a9770912110 | ||
| 040 |
_aEG-ScBUE _bara _erda _cEG-ScBUE _dEG-ScBUE |
||
| 082 | 0 | 4 |
_a892.737 _bغ ي ط _222 |
| 100 | 1 |
_98292 _aالغيطاني، جمال، _d1945-2015، _eمؤلف. |
|
| 245 | 1 | 2 |
_aالزيني بركات / _cجمال الغيطاني. |
| 250 | _aالطبعة الثالثة. | ||
| 264 | 1 |
_aالقاهرة : _bدار الشروق، _c2005. |
|
| 300 |
_a287 صفحة ؛ _c17 سم |
||
| 336 |
_2rdacontent _aنص _btxt |
||
| 337 |
_2rdamedia _aبدون وسيط _bn |
||
| 338 |
_2rdacarrier _aمجلد _bnc |
||
| 650 | 7 |
_913711 _aالقصص التاريخية _yقرن 20. _2BUEsh |
|
| 650 | 7 |
_aالقصص العربية _yقرن 20. _2BUEsh |
|
| 651 | _2BUEsh | ||
| 653 |
_bARALIT _cMarch2022 |
||
| 655 |
_vReading book _934232 |
||
| 942 |
_2ddc _cBB _k892.737 غ ي ط |
||
| 999 |
_c12499 _d12499 |
||